000 00180 a2200097 4500
020 _a9781490037660
041 _aspa
100 _aLori Odea
245 _aLas tres tenas
942 _cK
999 _c27554
_d27554